Регионална библиотека "Любен Каравелов" - Русе

Индиго плейс 22 (Запис номер 172992)

MARC детайли
000 -Лидер
Лидер 01403nam a2200325 a 4500
003 - Код на организацията, давaща контролен номер
Код на организацията, даваща контролен номер BLK
005 - Дата и час на последна редакция
Дата и час на последна редакция 20250728173755.0
008 - Елементи от данни с фиксирана дължина
Елементи с фиксирана дължина 180411b bul|||||r ||||||| ||bul||
020 ## - Международен стандартен номер на книга ISBN
ISBN 9786191650408
040 ## - Източник на каталожния запис
Код на библиотеката BLK
041 ## - Код за език
Език Български
Език за КДБФ Български
080 ## - УДК
УДК текст Американска литература (на САЩ)
УДК код 821.111(73)
УДК – определител -31
УДК – код + определител 821.111(73)-31
100 ## - Редна дума - Автор
Автор Браун, Сандра
Години, свързани с автора 1948-
Биография на автора Американска писателка
R(LIN) 241650
245 10 - Сведения за заглавието
Заглавие Индиго плейс 22
Подзаглавни данни Роман
Авторска отговорност Сандра Браун ; прев. от англ. Людмила Евтимова.
250 ## - Област на изданието
Поредност на изданието 2. изд.
257 ## - Страна на издаване
Страна на създаване/издаване Съединени американски щати
260 ## - Област на издателските данни
Място на издаване София
Име на издателя Ергон
Година на издаване 2015
Печатница София : Инвестпрес
300 ## - Физическа характеристика
Брой страници 256 с.
Размер 20 см
380 ## - Жанр
Жанр Худож. лит.
490 ## - СЕРИИ (Колекции)
Серия Библиотека Любов и Съдба
500 ## - Общи забележки
Обща забележка 1. изд. 1995 на изд. Коала в Малка романтична библиотека. - Ориг. загл. 22 Indigo Place / Sandra Brown.
700 ## - Други автори (авторска отговорност)
Друг автор Евтимова, Людмила Антониова
Друга информация Преводачка от английски език
9 (RLIN) 244759
852 ## - Местоположение
Сигнатура (форматна) Цб 276616
Отдел Хранилище
856 4# - Електронен адрес и достъп
Електронен формат pdf - файл
856 4# - Електронен адрес и достъп
Електронен формат pdf - файл
942 ## - АРТИКУЛИ
Вид на библиотечния документ Книги
Скрит в OPAC Не
Koha issues (borrowed), all copies 32
944 ## - СЪЗДАВАНЕ И РЕДАКЦИЯ на ЗАПИСА
Създаване/Редакция Създаване
Дата на регистрацията/редакция 09.09.2015
Номер на служител Цветомила Тодорова
Служител, извършил регистрацията/редакцията 30576
944 ## - СЪЗДАВАНЕ И РЕДАКЦИЯ на ЗАПИСА
Създаване/Редакция Редакция
Дата на регистрацията/редакция 2023
Служител, извършил регистрацията/редакцията Кети
999 ## - СИСТЕМНИ КОНТРОЛНИ НОМЕРА
Koha biblionumber 172992
Koha biblioitemnumber 172992
Наличности
Код за отписване Код за изгубен артикул Източник на класификационната схема Код за повреда Коз за рестрикции Код за отдаване Артикулен № Име на библиотеката - собственик Име на библиотеката, в която се намира в момента Статус (Текущо местоположение) Дата на вписване в системата Местоположение - отдел Цена в лева Инвентарен номер Систематично азбучна сигнатура Баркод Номер на екземпляра Цена в евро Служебна бележка Служебен тип на артикула
Изтеглен Не е изгубен Universal Decimal Classification Не е повреден без рестрикции заемане за дома 295165 Регионална библиотека "Любен Каравелов" Русе Регионална библиотека "Любен Каравелов" Русе Заемна - подръчен фонд 2015-09-10 Заемна - подръчен фонд 10.92 120000792087 П 820(73)-31/Б 78 120000792087 1 5.58 Дост: Pk Вид: Ф N: 534 Дата: 03.09.2015 Дата инв: 15.02.2018 Бележки инв: П2018 Книги
  Не е изгубен Universal Decimal Classification Не е повреден   ползва се в читалня 746612 Регионална библиотека "Любен Каравелов" Русе Регионална библиотека "Любен Каравелов" Русе Хранилище 2019-09-26 Хранилище 14.00   Цб 297013 120000836603   7.16   Книги
  Не е изгубен Universal Decimal Classification Не е повреден   заемане за дома 931389 Регионална библиотека "Любен Каравелов" Русе Регионална библиотека "Любен Каравелов" Русе Заемна - подръчен фонд 2023-07-21 Заемна - подръчен фонд 14.00 120000890609 821-31/Б 78 С 120000890609   7.16   Книги
Vip Innovations Ltd, Rousse, Bulgaria 2025